000 00540nam a22001697a 4500
005 20251108164838.0
008 250721s1996 xx 000 0 ara d
082 1 4 _a616.86/عبد
100 1 _aعبد الجواد، شوقية مهنى
245 1 0 _aالسموم :
_bأنواعها و كيفية مواجهتها /
264 1 _aالقاهره :
_bمركز الأهرام للترجمة و النشر،
_c1996.
300 _a138ص
490 0 _aإعرف صحتك ؛ 15
650 1 7 _aالسموم
942 _2ddc
_cBK
999 _c15747
_d15747